Biblioteka Instytutu Północnego w Olsztynie

Zaułek Corvina 1956 / (Rekord nr 27874)

Szczegóły MARC
000 -Nagłówek
fixed length control field 02462cam a2200577 i 4500
001 - Nr kontrolny bibl., która utworzyła rek.
control field xx005004015
003 - Siglum bibl., której nr kontr. jest w 001
control field NUKAT
005 - Data i czas ostatniej operacji
control field 20260429144428.0
008 - Elementy pola stałej długości
fixed length control field 201123s2020 pl a |001 0dpol c
020 ## - ISBN
ISBN 9788380983175
dopowiedzenie (oprawa twarda) :
warunki dostępności zł 35,00
035 ## - Systemowy numer kontrolny
systemowy numer kontrolny (OCoLC)1225238165
035 ## - Systemowy numer kontrolny
systemowy numer kontrolny (NUKAT)xx005004015
040 ## - Instytucja sporządzająca opis
Instytucja, która sporządziła opis KAT U/DL
język katalgowania-trzyzn. kod pol
zasady opisu rda
Instytucja, która sporządziła rekord KAT U/DLs
Instytucja, która zmodyfikowała rekord KAT U/DL
-- WR U/mss
-- WR O/GW
-- OLSZT 008/bak
041 1# - Kod nazwy języka dokumentu
Język tekstu pol
Language code of original hun
045 2# - Okres czasu dla zawartości
czas między r. 9999 pne a nasz. czas. d1948
-- d1956
046 ## - Kod rodz. daty, data1, data2 (daty pne)
Begin/single date 1982
100 1# - Hasło główne-nazwa osobowa
Nazwa osobowa Pongrátz, Gergely
Daty biograficzne (1932-2005).
rodzaj współpracy Autor
9 (RLIN) 40911
240 10 - Tytuł ujednolicony
tytuł ujednolicony Corvin köz, 1956
język tekstu (pol.)
245 10 - Tytuł właściwy i oznaczenie odpow.
tytuł Zaułek Corvina 1956 /
dod. inf. ze s. tyt./ozn. odpow. Gergely Pongrátz ; przekład Adam Snopek ; Instytut Pamięci Narodowej. Komisja Ścigania Zbrodni przeciwko Narodowi Polskiemu.
260 ## - Adres wydawniczy
miejsce wydania, dystrybucji itp. Warszawa :
nazwa wydawcy, dystrybutora itp. Instytut Pamięci Narodowej. Komisja Ścigania Zbrodni przeciwko Narodowi Polskiemu,
data wydania, dystrybucji itp. 2020.
300 ## - Opis fizyczny
objętość i/lub forma materiału 189, [3] strony, [64] stron tablic ;
format 25 cm.
336 ## - Content Type
Term Tekst
Code txt
Source rdacontent
337 ## - Media Type
Term Bez urządzenia pośredniczącego
Code n
Source rdamedia
338 ## - Carrier Type
Term Wolumin
Code nc
Source rdacarrier
380 ## - Form of work
Form of work Książki
380 ## - Form of work
Form of work Literatura faktu, eseje, publicystyka
380 ## - Form of work
Form of work Publikacje naukowe
386 ## - Creator/Contributor Characteristics
Demographic group term Przynależność kulturowa
Creator/contributor term Literatura węgierska
388 1# - TIME PERIOD OF CREATION
Time period of creation term 1901-2000
388 1# - TIME PERIOD OF CREATION
Time period of creation term 1945-1989
504 ## - Uwaga o bibliografii
uwaga o bibliografii Bibliografia na stronie 185. Indeks.
536 ## - Uwaga o finansowaniu dokumentu
tekst uwagi Książka została wydana przy wsparciu finansowym Nemzeti Kulturális Alap (Narodowy Fundusz Kultury) w Budapeszcie
600 17 - Hasło przedmiotowe-nazwa osobowa
nazwa osobowa Pongrátz, Gergely
daty biograficzne (1932-2005)
źródło hasła DBN
9 (RLIN) 40915
648 #7 - SUBJECT ADDED ENTRY--CHRONOLOGICAL TERM
Chronological term 1901-2000
Source of heading or term DBN
9 (RLIN) 34996
648 #7 - SUBJECT ADDED ENTRY--CHRONOLOGICAL TERM
Chronological term 1945-1989
Source of heading or term DBN
9 (RLIN) 36043
650 #7 - Hasło przedmiotowe-nazwa pospolita
nazwa pospolita lub geogr. Dowódcy
źródło hasła DBN
9 (RLIN) 39509
650 #7 - Hasło przedmiotowe-nazwa pospolita
nazwa pospolita lub geogr. Pasaż Corvina (Budapeszt)
źródło hasła DBN
9 (RLIN) 40916
650 #7 - Hasło przedmiotowe-nazwa pospolita
nazwa pospolita lub geogr. Powstańcy węgierscy (1956)
źródło hasła DBN
9 (RLIN) 40917
650 #7 - Hasło przedmiotowe-nazwa pospolita
nazwa pospolita lub geogr. Powstanie węgierskie (1956)
źródło hasła DBN
9 (RLIN) 40918
651 #7 - Hasło przedmiotowe-nazwa geogr.
nazwa geograficzna Budapeszt (Węgry)
źródło hasła DBN
9 (RLIN) 40919
651 #7 - Hasło przedmiotowe-nazwa geogr.
nazwa geograficzna Węgry
określnik chronologiczny 1956 (Rewolucja).
źródło hasła kaba
9 (RLIN) 16521
651 #7 - Hasło przedmiotowe-nazwa geogr.
nazwa geograficzna Budapeszt (Węgry)
określnik chronologiczny 1956 (Powstanie).
źródło hasła kaba
9 (RLIN) 30108
655 #7 - Termin określający rodzaj/formę
rodzaj/forma Pamiętniki i wspomnienia
źródło terminu DBN
9 (RLIN) 35005
655 #7 - Termin określający rodzaj/formę
rodzaj/forma Wydawnictwo źródłowe
źródło terminu DBN
9 (RLIN) 35066
658 ## - Nazwa określająca cel programu nauczania
główny cel programu nauczania Bezpieczeństwo i wojskowość
658 ## - Nazwa określająca cel programu nauczania
główny cel programu nauczania Historia
700 1# - Hasło dodatkowe - nazwa osobowa
nazwa osobowa Snopek, Adam.
rodzaj współpracy Tłumaczenie
9 (RLIN) 40914
710 2# - Hasło dodatkowe - nazwa ciała zbior.
nazwa ciała zbior. lub nazwa geogr. Instytut Pamięci Narodowej - Komisja Ścigania Zbrodni przeciwko Narodowi Polskiemu.
rodzaj współpracy Instytucja sprawcza
-- Wydawca
kod rodzaju współpracy pbl
9 (RLIN) 11792
920 ## - ISBN
ISBN 978-83-8098-317-5 (oprawa twarda) : zł 35,00
942 ## - ADDED ENTRY ELEMENTS (KOHA)
Source of classification or shelving scheme Dewey Decimal Classification
Koha item type pozycje dostępne na miejscu
Egzemplarze
Status wycofania Status zagubienia Klasyfikacja Status uszkodzenia Blokada wypożyczeń Kolekcja Lokalizacja macierzysta Lokalizacja bieżąca Data nabycia Numer akcesji Źródło akcesji Cena Nr inwentarzowy il. wypożyczeń Sygnatura Kod kreskowy Date last seen Price effective from Typ egz.
    Dewey Decimal Classification nieuszkodzona   książka w magazynie Biblioteka Instytutu Północnego w Olsztynie Biblioteka Instytutu Północnego w Olsztynie 30/11/2020 D-36/2020 dar 35.00 59977   59977 IPWK24081 29/04/2026 29/04/2026 pozycje dostępne na miejscu
Biblioteka Instytutu Północnego, ul. Partyzantów 87, 10-402 Olsztyn, email: biblioteka(at)ip.olsztyn.pl